Responses for Show #2711 - Monday, May 20, 1996

Contestants

[<< previous game]

Anne Keever Cannon, a public affairs specialist from Lancaster, Texas

Brian Flanagan, a tavern owner from New York City, New York

Jeff Gorsky, a lawyer originally from Washington, D.C. (whose 1-day cash winnings total $15,100)

[next game >>]

Jeopardy! Round responses

GENERAL SCIENCE
HE WAS IN THAT?!
FOOD
BIBLICAL BIRDS
MAINE
OH, HENRY
    $100 2
toenails

Brian
    $100 1
Annie Hall

Brian
    $100 14
Parmesan cheese

Anne
    $100 4
a partridge

Jeff
    $100 9
President Bush

Anne
    $100 21
Henry Mancini

Anne
    $200 3
a laser

Anne
    $200 18
Animal House

Brian
    $200 15
rice

Anne
    $200 5
an owl

Anne
    $200 10
Augusta

Anne
    $200 22
Henry Ford

Brian
    $300 6
the Moon

Anne
    $300 28
Cleopatra

Brian
    $300 16
scone

Jeff
    $300 13
a swallow

Anne
    $300 11
Portland

Brian
    $300 23
Henry Stanley

Brian
    $400 7
(Jeff: What is calcium?)

gypsum

Jeff
Triple Stumper
    $400 29
Judgment at Nuremberg

Jeff
    $400 17
a tortilla

Anne
    $400 26
peacocks

Anne
    $400 12
L.L. Bean

Jeff
    $400 24
Henry Cabot Lodge

Brian
    $500 8
Lepidoptera

Anne
    $500 30
The Red Pony

Jeff
    $700 19
the cherry

Brian
    $500 27
the eagle

Jeff
    $500 20
New Brunswick

Brian
    $500 25
Henry Luce

Brian

Scores at the first commercial break (after clue 15):

Jeff Brian Anne
$100 $500 $2,100

Scores at the end of the Jeopardy! Round:

Jeff Brian Anne
$1,800 $3,600 $3,000

Double Jeopardy! Round responses

THE CIVIL WAR
FABRICS & TEXTILES
NEWSPAPERS
OPERA CHARACTERS
WORLD CAPITALS
AUTHORS
    $200 12
Gettysburg

Anne
    $200 11
denim

Anne
    $200 2
Benjamin Franklin

Brian
    $200 1
Porgy and Bess

Anne
    $200 21
Madrid

Brian
    $200 8
Chaucer

Brian
    $400 15
Richmond

Anne
    $400 24
felt

Anne
    $400 4
(Brian: What is The San Francisco Chronicle?)

The San Francisco Examiner

Brian
Triple Stumper
    $400 3
Hansel and Gretel

Anne
    $400 25
(Brian: What is Entebbe?)

Kampala

JeffBrian
    $400 9
(F. Scott) Fitzgerald

Anne
    $600 16
Savannah

Brian
    $600 27
Corduroy

Anne
    $600 5
(Paul) Simon

Jeff
    $600 6
Boris Godunov

Brian
    $600 22
[NOTE: This was the 480,000th clue entered into the J! Archive, on 2023-06-13.]

Helsinki

Brian
    $600 10
science fiction

Brian
    $800 17
(Anne: Who is Grant?)
(Brian: Who is Beade?)

George McClellan

BrianAnne
Triple Stumper
    $2,000 28
(Anne: What is glengarry?)
[The end-of-round signal sounds.]

gingham

Anne
    $800 13
Texas

Brian
    $800 7
Carmen

Brian
    $2,000 23
(Alex: And it takes us to one minute left in the round.)

Port-au-Prince

Brian
    $800 20
(John) Bunyan

Anne
    $1000 18
the Trent Affair

Triple Stumper
    $1000 14
(Warren) Harding

Brian
    $1000 19
Brünnhilde

Jeff
    $1000 26
George Sand

Anne

Scores at the end of the Double Jeopardy! Round:

Jeff Brian Anne
$3,800 $9,600 $4,800
(lock-tie game)

[wagering suggestions for these scores]

Final Jeopardy! Round responses

FOREIGN CURRENCY
JeffWhat is the rupee
$3,800
AnneWhat is the rupee
$4,800
BrianWhat is rupee
$0
the (Indian) rupee

Final scores:

Jeff Brian Anne
$7,600 $9,600 $9,600
2nd place: Gibson refrigerator/freezer New co-champion: $9,600 New co-champion: $9,600

Game dynamics:

Coryat scores:

Jeff Brian Anne
$3,800 $8,200 $6,800
9 R,
1 W
22 R
(including 2 DDs),
3 W
22 R,
2 W
(including 1 DD)

Combined Coryat: $18,800

[game clues] [game scores] [suggest correction]

Game tape date: Unknown
The J! Archive is created by fans, for fans. Scraping, republication, monetization, and malicious use prohibited; this site may use cookies and collect identifying information. See terms. The Jeopardy! game show and all elements thereof, including but not limited to copyright and trademark thereto, are the property of Jeopardy Productions, Inc. and are protected under law. This website is not affiliated with, sponsored by, or operated by Jeopardy Productions, Inc. Join the discussion at JBoard.tv.